000 00734nam a2200229Ia 4500
003 OSt
005 20220925174035.0
006 a|||||r|||| 00| 0
007 ta
008 220923b |||||||| |||| 00| 0 eng d
037 _cGeneral Book
040 _aRTL
_cRTL
_beng
041 _2eng
_aeng
082 _aX9 (F56).275.N91 - N90r, N1/GD
110 _aEast India Pharmaceutical works limited.
_9245726
245 0 _aAnnual report and accounts 1990-91.
260 _aCalcutta
_bEast India Pharmaceutical works ltd.
_c1990
300 _a28p.
_ccm.
700 _aEast India Pharmaceutical works limited.
_9245727
942 _hX9 (F56).275.N91 - N90r, N1/GD
_cGB
_2CC
999 _c489808
_d489808